[Event "Paderborn - Hamm"]
[Site "?"]
[Date "2023.12.03"]
[Round "4.2"]
[White "Kesselmeier, Kevin"]
[Black "Dargel, Manuel"]
[Result "0-1"]
[WhiteElo "2046"]
[BlackElo "2155"]
[PlyCount "102"]
[EventDate "2023.??.??"]
[SourceVersionDate "2023.09.25"]

1. e4 c5 2. Nf3 e6 3. d4 cxd4 4. Nxd4 Nc6 5. Nc3 Qc7 6. Be3 a6 7. Bd3 Nf6 8. O-O Nxd4 9. Bxd4 e5 10. Be3 h6 11. f4 Bc5 12. Qe2 d6 13. fxe5 dxe5 14. Rxf6 gxf6 15. Nd5 Qd6 16. Nxf6+ Kf8 17. Rf1 Be6 18. Bxc5 Qxc5+ 19. Kh1 Rd8 20. Qf3 Rd6 21. Nh5 Rg8 22. h3 Rg6 23. g4 Ke7 24. Qg3 Kd7 25. Nf6+ Kc8 26. Rf3 Kb8 27. h4 Ka8 28. g5 hxg5 29. h5 Rh6 30. Qxg5 Rh8 31. h6 Bc4 32. h7 Rdd8 33. Qe3 Qb5 34. b3 Bxd3 35. cxd3 Qa5 36. Rf2 Qc3 37. Qd2 Qc5 38. Kg2 Rd6 39. Rf3 Rdd8 40. Qe3 Qe7 41. Qg5 Ka7 42. Qg7 Rc8 43. Rf2 Qe6 44. Kh2 Qb6 45. Kg2 Qe3 46. Qg3 Qd4 47. Re2 Rc6 48. Qg8 Rxf6 49. Qxh8 Rg6+ 50. Kf3 Qxd3+ 51. Kf2 Qg3+ 0-1

[Event "Paderborn - Hamm"]
[Site "?"]
[Date "2023.12.03"]
[Round "4.3"]
[White "Pruess, Wilfried"]
[Black "Augner, Bjoern"]
[Result "1/2-1/2"]
[WhiteElo "2098"]
[BlackElo "2013"]
[PlyCount "47"]
[EventDate "2023.??.??"]
[SourceVersionDate "2023.09.25"]

1. e4 c6 2. d4 d5 3. Nc3 dxe4 4. Nxe4 Bf5 5. Ng3 Bg6 6. Nf3 Nd7 7. h4 h6 8. Bd3 Bxd3 9. Qxd3 Ngf6 10. O-O e6 11. Re1 Qc7 12. Bd2 O-O-O 13. b4 Bd6 14. Ne4 Nxe4 15. Qxe4 Nf6 16. Qe2 Bf4 17. c3 g5 18. Bxf4 Qxf4 19. Qe5 Qxe5 20. Nxe5 Rh7 21. Nf3 Nd5 22. Rac1 Rg7 23. g3 Ne7 24. hxg5 1/2-1/2

[Event "Paderborn - Hamm"]
[Site "?"]
[Date "2023.12.03"]
[Round "4.4"]
[White "Schlangenotto, Niklas"]
[Black "Gerard, Marcel"]
[Result "0-1"]
[WhiteElo "2004"]
[BlackElo "2063"]
[PlyCount "74"]
[EventDate "2023.??.??"]
[SourceVersionDate "2023.09.25"]

1. e4 c5 2. d4 cxd4 3. c3 g6 4. Nf3 Bg7 5. Bc4 e6 6. cxd4 d5 7. exd5 exd5 8. Bb3 Nc6 9. Nc3 Nge7 10. h3 O-O 11. O-O Be6 12. Bf4 Nf5 13. Be5 f6 14. Bh2 Bf7 15. g4 Nfe7 16. Re1 Qd7 17. Ne2 h5 18. gxh5 g5 19. Kg2 Bxh5 20. Ng3 Bg6 21. Qd2 Kf7 22. Rac1 Rh8 23. Ng1 Rh4 24. Nf3 Qxh3+ 25. Kg1 Rhh8 26. Rxc6 bxc6 27. Rxe7+ Kxe7 28. Qb4+ Kd8 29. Qa5+ Ke8 30. Ba4 Qd7 31. Qc5 Rc8 32. b4 Bf8 33. Qc3 Bd6 34. Qe3+ Kf8 35. Bb3 Bf4 36. Qe2 Re8 37. Qf1 Kg7 0-1

[Event "Paderborn - Hamm"]
[Site "?"]
[Date "2023.12.03"]
[Round "4.5"]
[White "Schmidt, Ingo"]
[Black "Hoette, Moritz"]
[Result "1/2-1/2"]
[WhiteElo "2040"]
[BlackElo "2082"]
[PlyCount "67"]
[EventDate "2023.??.??"]
[SourceVersionDate "2023.09.25"]

1. e4 c6 2. d4 d5 3. Nc3 dxe4 4. Nxe4 Bf5 5. Ng3 Bg6 6. Bc4 e6 7. N1e2 Bd6 8. O-O Qh4 9. c3 Nd7 10. f4 Nh6 11. Qe1 O-O 12. a4 Kh8 13. Bd2 Rae8 14. Qc1 Qd8 15. a5 Qc7 16. Bb3 f6 17. c4 c5 18. Kh1 Nf5 19. Bc3 cxd4 20. Nxd4 Nxd4 21. Bxd4 e5 22. fxe5 Bxe5 23. Bxa7 Bxg3 24. hxg3 Qxg3 25. Ba4 Re2 26. Rf2 Rxf2 27. Bxf2 Qxf2 28. Bxd7 Be4 29. Bh3 f5 30. b4 Rf6 31. Qe1 Bxg2+ 32. Kh2 Qf4+ 33. Kxg2 Rg6+ 34. Kh1 1/2-1/2

[Event "Paderborn - Hamm"]
[Site "?"]
[Date "2023.12.03"]
[Round "4.6"]
[White "Stirnberg, Noah"]
[Black "Klaus, Michael"]
[Result "0-1"]
[WhiteElo "1875"]
[BlackElo "1922"]
[PlyCount "102"]
[EventDate "2023.??.??"]
[SourceVersionDate "2023.09.25"]

1. e4 e6 2. Nf3 d5 3. exd5 exd5 4. d4 Bd6 5. Bd3 Nf6 6. O-O O-O 7. h3 Re8 8. Nc3 c6 9. Re1 h6 10. Rxe8+ Qxe8 11. Qe2 Qxe2 12. Nxe2 Nbd7 13. Bf4 Bxf4 14. Nxf4 Nf8 15. g4 Ne6 16. Nxe6 Bxe6 17. Ne5 Nd7 18. f4 Nxe5 19. dxe5 d4 20. Rd1 Rd8 21. Be4 Bc4 22. b3 Ba6 23. Kf2 Kf8 24. c3 c5 25. c4 b5 26. Bd5 bxc4 27. bxc4 Rb8 28. Ke2 Rb4 29. Kd3 Rb2 30. Rd2 Rb4 31. f5 Bc8 32. Kc2 Bd7 33. Kc1 a5 34. e6 fxe6 35. fxe6 Be8 36. Rb2 Ke7 37. a3 Rxb2 38. Kxb2 Kf6 39. Kc2 Ke5 40. Kd2 Kf4 41. Bg2 Kg3 42. Bf1 Kf2 43. Bd3 g5 44. Bh7 Kg2 45. Kd3 Kxh3 46. Bf5 Kg3 47. Ke4 h5 48. gxh5 Bxh5 49. Kd5 Kf4 50. Bh7 g4 51. Bg8 Be8 0-1

[Event "Paderborn - Hamm"]
[Site "?"]
[Date "2023.12.03"]
[Round "4.7"]
[White "Happel, Heiner"]
[Black "Klueners, Juergen"]
[Result "1-0"]
[WhiteElo "2220"]
[BlackElo "2071"]
[PlyCount "149"]
[EventDate "2023.??.??"]
[SourceVersionDate "2023.09.25"]

1. Nf3 d5 2. d4 e6 3. c4 c5 4. cxd5 exd5 5. g3 Nc6 6. Bg2 Nf6 7. O-O Be7 8. b3 O-O 9. Bb2 Ne4 10. Nc3 Bf6 11. Na4 b5 12. Nxc5 Nxc5 13. Rc1 Nxd4 14. Bxd4 Nd7 15. Qd3 a6 16. Qc3 Bxd4 17. Nxd4 Nf6 18. Rfd1 Bg4 19. h3 Rc8 20. Qb4 Bd7 21. e3 Qb6 22. Ne2 a5 23. Qd2 b4 24. Nf4 Be6 25. Nxe6 fxe6 26. Qb2 Rfd8 27. Rd2 Qa6 28. Rdc2 Ne8 29. Bf1 Qb7 30. Qe5 Qd7 31. h4 Qd6 32. Qd4 e5 33. Qd2 Rxc2 34. Qxc2 Nf6 35. Qc5 Ne4 36. Qxd6 Rxd6 37. Rc8+ Kf7 38. Ra8 d4 39. exd4 exd4 40. Bd3 Nc5 41. Bc4+ Kf6 42. Rxa5 Ne4 43. Bd3 Nc3 44. Kf1 Re6 45. a4 h6 46. Rf5+ Ke7 47. Rf4 Rd6 48. Ke1 Rd7 49. Kd2 Kd8 50. Bc4 Kc7 51. f3 Kb6 52. Kd3 Kc5 53. Rf5+ Kd6 54. Rf7 Rxf7 55. Bxf7 Kc5 56. Bc4 Nd1 57. Kd2 Ne3 58. Bd3 Nd5 59. h5 Nf6 60. Bg6 Nd7 61. Kd3 Kd5 62. Bf7+ Kc5 63. f4 Nf6 64. a5 Kb5 65. Kxd4 Kxa5 66. Ke5 Nd7+ 67. Kf5 Nf8 68. g4 Kb5 69. g5 Kc5 70. gxh6 gxh6 71. Kf6 Kd4 72. Kg7 Nd7 73. Kxh6 Ke4 74. Kg7 Kxf4 75. h6 1-0

[Event "Lippstadt - Kamen"]
[Site "?"]
[Date "2023.12.03"]
[Round "4.1"]
[White "Luetke, Jens"]
[Black "Besou, Hussain"]
[Result "1/2-1/2"]
[WhiteElo "2159"]
[BlackElo "2280"]
[PlyCount "76"]
[EventDate "2023.??.??"]
[SourceVersionDate "2023.09.25"]

1. Nf3 d5 2. e3 Nf6 3. b3 c5 4. Bb2 e6 5. d4 Nc6 6. Nbd2 Bd6 7. Bd3 O-O 8. O-O cxd4 9. exd4 b6 10. Ne5 Ne7 11. Qe2 Bb7 12. Rac1 Rc8 13. a3 Rc7 14. Rfe1 Ng6 15. Nxg6 hxg6 16. g3 Qe7 17. b4 Rfc8 18. c3 g5 19. c4 dxc4 20. Nxc4 Bd5 21. Nxd6 Qxd6 22. Qe5 Qxe5 23. dxe5 Ng4 24. Rxc7 Rxc7 25. h3 Nh6 26. Rc1 Rxc1+ 27. Bxc1 f6 28. exf6 gxf6 29. f4 Nf7 30. fxg5 Nxg5 31. h4 Ne4 32. g4 Kg7 33. Bf4 e5 34. Be3 Nd6 35. Kf2 Be6 36. Kg3 f5 37. gxf5 Nxf5+ 38. Bxf5 Bxf5 1/2-1/2

[Event "Lippstadt - Kamen"]
[Site "?"]
[Date "2023.12.03"]
[Round "4.2"]
[White "Hecht, Carsten"]
[Black "Huckebrink, Chris"]
[Result "1/2-1/2"]
[WhiteElo "2316"]
[BlackElo "2220"]
[PlyCount "56"]
[EventDate "2023.??.??"]
[SourceVersionDate "2023.09.25"]

1. e4 c6 2. d4 d5 3. e5 Bf5 4. Nd2 e6 5. Nb3 Nd7 6. Nf3 a6 7. Be2 c5 8. dxc5 Nxc5 9. Nfd4 Bg6 10. O-O Nxb3 11. axb3 Bc5 12. Be3 Rc8 13. c3 Ne7 14. b4 Bxd4 15. Bxd4 O-O 16. b5 axb5 17. Bxb5 Nf5 18. Ra7 Qc7 19. Qa4 Nxd4 20. Qxd4 Rb8 21. Rfa1 Rfc8 22. R1a4 Qd8 23. Bf1 h6 24. Rb4 Ra8 25. Rbxb7 Qg5 26. Rxa8 Rxa8 27. Ra7 Rb8 28. b4 Qc1 1/2-1/2

[Event "Lippstadt - Kamen"]
[Site "?"]
[Date "2023.12.03"]
[Round "4.3"]
[White "Weidemann, Christian"]
[Black "Wagner, Alexej"]
[Result "1/2-1/2"]
[WhiteElo "2207"]
[BlackElo "2181"]
[PlyCount "77"]
[EventDate "2023.??.??"]
[SourceVersionDate "2023.09.25"]

1. e4 c5 2. Nc3 d6 3. d4 cxd4 4. Qxd4 Nc6 5. Qd2 Nf6 6. b3 e6 7. Bb2 d5 8. exd5 exd5 9. O-O-O Be6 10. Nf3 Qa5 11. Nb5 Qxd2+ 12. Rxd2 Rc8 13. Nfd4 Bb4 14. Re2 O-O 15. f3 Bd7 16. a3 Bc5 17. b4 Nxd4 18. Nxd4 Bb6 19. Re7 a5 20. Bd3 axb4 21. axb4 Bd8 22. Re2 Bc7 23. Nf5 Bxf5 24. Bxf5 Rce8 25. Rhe1 Rxe2 26. Rxe2 Bxh2 27. Re7 Rb8 28. Bxf6 gxf6 29. Rd7 Be5 30. Rxd5 Bc3 31. Rc5 Bxb4 32. Rc8+ Rxc8 33. Bxc8 b6 34. Bf5 Kg7 35. g4 h6 36. Kd1 Kf8 37. Ke2 Ke7 38. Kd3 Kd6 39. Ke4 1/2-1/2

[Event "Lippstadt - Kamen"]
[Site "?"]
[Date "2023.12.03"]
[Round "4.4"]
[White "Tran, Duc Cuong"]
[Black "Himmel, Hansjoerg"]
[Result "1-0"]
[WhiteElo "2111"]
[BlackElo "2229"]
[PlyCount "77"]
[EventDate "2023.??.??"]
[SourceVersionDate "2023.09.25"]

1. d4 Nf6 2. Bf4 d5 3. e3 e6 4. Nd2 c5 5. c3 Nc6 6. Ngf3 Bd6 7. Bg3 O-O 8. Bd3 b6 9. Qe2 Bb7 10. Rd1 Re8 11. e4 Be7 12. dxc5 bxc5 13. h3 g6 14. O-O Qb6 15. Rfe1 a5 16. c4 dxe4 17. Nxe4 Nd4 18. Nxd4 cxd4 19. Be5 Nd7 20. Bxd4 Qxd4 21. Bb1 Qb6 22. Rxd7 Qc6 23. Red1 Kg7 24. f3 Rab8 25. b3 e5 26. Qb2 Bf8 27. Kh1 h6 28. Ng3 Bc5 29. Be4 Qc8 30. Qc2 Bd4 31. Rxb7 Rxb7 32. Bxb7 Qxb7 33. Qe4 Qe7 34. Qg4 Kh7 35. Qe4 Qf6 36. Rxd4 exd4 37. Qxe8 d3 38. Qd7 Qf4 39. Nf1 1-0

[Event "Lippstadt - Kamen"]
[Site "?"]
[Date "2023.12.03"]
[Round "4.6"]
[White "Graf, Tobias"]
[Black "Georg, Felix"]
[Result "1/2-1/2"]
[WhiteElo "1968"]
[BlackElo "2051"]
[PlyCount "46"]
[EventDate "2023.??.??"]
[SourceVersionDate "2023.09.25"]

1. c4 f5 2. Nf3 Nf6 3. g3 d6 4. d4 e6 5. Bg2 Be7 6. O-O O-O 7. Nc3 Ne4 8. Qd3 Nxc3 9. bxc3 Nc6 10. Ba3 Qe8 11. Rab1 e5 12. Nd2 Kh8 13. e4 f4 14. Rfd1 b6 15. c5 fxg3 16. hxg3 Qf7 17. Qe3 Qxa2 18. cxd6 cxd6 19. Ra1 Qf7 20. d5 Na5 21. Bb4 Nb7 22. Nc4 Bd7 23. Ra2 Bb5 1/2-1/2

[Event "Lippstadt - Kamen"]
[Site "?"]
[Date "2023.12.03"]
[Round "4.7"]
[White "Kilian, Ralf"]
[Black "Homfeldt, Christopher"]
[Result "1-0"]
[WhiteElo "2077"]
[BlackElo "1782"]
[PlyCount "91"]
[EventDate "2023.??.??"]
[SourceVersionDate "2023.09.25"]

1. e4 e5 2. Nf3 Nf6 3. Nxe5 d6 4. Nf3 Nxe4 5. Nc3 Nxc3 6. dxc3 d5 7. Be3 Be7 8. Qd2 Bg4 9. O-O-O Nc6 10. Qxd5 Qxd5 11. Rxd5 Be6 12. Rd2 O-O 13. a3 Na5 14. Nd4 Nc4 15. Nxe6 Nxd2 16. Nxf8 Nxf1 17. Rxf1 Kxf8 18. Rd1 Ke8 19. c4 c5 20. Rd5 Rc8 21. Kd2 Rc6 22. Kd3 b6 23. c3 a5 24. b3 Rg6 25. g3 Re6 26. Bd2 Bd6 27. b4 Kd7 28. f4 Kc6 29. b5+ Kc7 30. f5 Rf6 31. Bg5 Be7 32. Ke4 h6 33. Bxf6 Bxf6 34. Rd3 Be7 35. Kd5 Bf6 36. Ke4 Be7 37. a4 Bg5 38. Kf3 Bf6 39. Kg4 Be5 40. Kh5 Bf6 41. h4 Be5 42. g4 Bf6 43. g5 hxg5 44. hxg5 Be5 45. g6 f6 46. Kg4 1-0

[Event "Hemer - Herford"]
[Site "?"]
[Date "2023.12.03"]
[Round "4.3"]
[White "Klemme, Thomas"]
[Black "Runte, Moritz"]
[Result "1/2-1/2"]
[WhiteElo "1977"]
[BlackElo "2176"]
[PlyCount "33"]
[EventDate "2023.??.??"]
[SourceVersionDate "2023.09.25"]

1. b3 d5 2. Bb2 Nf6 3. e3 Bf5 4. d4 e6 5. Nf3 Nbd7 6. Bd3 Bg6 7. O-O c6 8. c4 Ne4 9. Qc2 Bd6 10. Nbd2 f5 11. Ne5 Nxe5 12. dxe5 Bb4 13. Nf3 O-O 14. a3 Ba5 15. b4 Bc7 16. Nd4 Qe7 17. f3 1/2-1/2

[Event "Hemer - Herford"]
[Site "?"]
[Date "2023.12.03"]
[Round "4.8"]
[White "Poggemann, Alexander"]
[Black "Heuermann, Heinz-Burkhard"]
[Result "1-0"]
[WhiteElo "1750"]
[BlackElo "1793"]
[PlyCount "47"]
[EventDate "2023.??.??"]
[SourceVersionDate "2023.09.25"]

1. e4 c5 2. c3 d5 3. exd5 Qxd5 4. d4 e5 5. Nf3 cxd4 6. cxd4 Qe4+ 7. Be2 Nc6 8. dxe5 Nxe5 9. O-O Nf6 10. Bb5+ Bd7 11. Re1 O-O-O 12. Rxe4 Nxf3+ 13. Qxf3 Bxb5 14. Re1 Bc6 15. Qf5+ Bd7 16. Qc2+ Bc6 17. Nc3 Bd6 18. Nb5 Bb8 19. Be3 a6 20. Nd4 Rd6 21. Rac1 g6 22. Nxc6 Rxc6 23. Qxc6+ bxc6 24. Rxc6+ 1-0

[Event "Kirchlengern - Meschede"]
[Site "?"]
[Date "2023.12.03"]
[Round "4.1"]
[White "Rittmeier, Bernhard"]
[Black "Gulatz, Maurice"]
[Result "1/2-1/2"]
[WhiteElo "2236"]
[BlackElo "2163"]
[PlyCount "86"]
[EventDate "2023.??.??"]
[SourceVersionDate "2023.09.25"]

1. c4 e6 2. g3 f5 3. Nf3 Nf6 4. Bg2 Be7 5. O-O O-O 6. Nc3 d6 7. d4 Ne4 8. Qc2 Nxc3 9. bxc3 Nc6 10. e4 e5 11. exf5 Bxf5 12. Qe2 Bf6 13. d5 Na5 14. Nd2 b6 15. Nb3 Nb7 16. Be4 Qd7 17. f3 a5 18. Be3 Bh3 19. Rf2 a4 20. Nd2 Nc5 21. Rb1 Qe7 22. Bc2 Bg5 23. Ne4 Nxe4 24. Bxe4 g6 25. Qd2 Bxe3 26. Qxe3 a3 27. Qh6 Bf5 28. Qe3 Qd7 29. Bxf5 Rxf5 30. Qd3 Re8 31. Re1 Qa4 32. Re4 Qa5 33. Kg2 Ref8 34. Re1 Kg7 35. Rff1 Qa4 36. f4 Qe8 37. fxe5 Rxf1 38. Rxf1 Rxf1 39. Kxf1 dxe5 40. Qe3 Qf8+ 41. Kg2 Qe7 42. c5 b5 43. Qe2 Qxc5 1/2-1/2

[Event "Kirchlengern - Meschede"]
[Site "?"]
[Date "2023.12.03"]
[Round "4.2"]
[White "Braun, Peter"]
[Black "Voss, Georg"]
[Result "1-0"]
[WhiteElo "1964"]
[BlackElo "1902"]
[PlyCount "55"]
[EventDate "2023.??.??"]
[SourceVersionDate "2023.09.25"]

1. e4 c5 2. Nf3 e6 3. b3 d6 4. Bb2 Nf6 5. e5 dxe5 6. Nxe5 a6 7. Be2 Bd6 8. Bf3 O-O 9. Na3 Nbd7 10. Nac4 Nxe5 11. Nxe5 Qc7 12. Qe2 Nd5 13. Nc4 f6 14. Nxd6 Qxd6 15. O-O Rb8 16. d4 cxd4 17. Bxd4 Bd7 18. c4 Ne7 19. Rad1 Qc7 20. Bb6 Qxb6 21. Rxd7 Ng6 22. Rfd1 e5 23. g3 f5 24. R1d6 Qb4 25. Bd5+ Kh8 26. Rxg6 hxg6 27. Qf1 Qd2 28. f4 1-0

[Event "Kirchlengern - Meschede"]
[Site "?"]
[Date "2023.12.03"]
[Round "4.3"]
[White "Weber, Andre"]
[Black "Ott, Mathias"]
[Result "0-1"]
[WhiteElo "2035"]
[BlackElo "2002"]
[PlyCount "72"]
[EventDate "2023.??.??"]
[SourceVersionDate "2023.09.25"]

1. d4 d5 2. Nf3 c6 3. g3 Nf6 4. Bg2 g6 5. O-O Bg7 6. c4 O-O 7. Nc3 dxc4 8. Ne5 Ng4 9. Bf4 Nxe5 10. Bxe5 Bxe5 11. dxe5 Qa5 12. f4 Qb6+ 13. Kh1 Qxb2 14. Qd4 Qb6 15. Qxc4 Be6 16. Qa4 Nd7 17. Rab1 Qc7 18. Qb4 Nb6 19. a4 Rab8 20. Rfc1 Nc4 21. Qc5 Nd2 22. Qxa7 Nxb1 23. Rxb1 Rfd8 24. Bf3 Bf5 25. Rb4 Qd7 26. a5 Qd2 27. Qc5 Bh3 28. Rb1 Qc2 29. Be4 Qd2 30. Bf3 Ra8 31. Kg1 Qd4+ 32. Qxd4 Rxd4 33. Rxb7 Rxa5 34. Rxe7 Ra3 35. Ne4 Rd1+ 36. Kf2 Rf1# 0-1

[Event "Kirchlengern - Meschede"]
[Site "?"]
[Date "2023.12.03"]
[Round "4.4"]
[White "Dilger, Tim"]
[Black "Dyballa, Gerhard"]
[Result "0-1"]
[WhiteElo "1873"]
[BlackElo "1868"]
[PlyCount "84"]
[EventDate "2023.??.??"]
[SourceVersionDate "2023.09.25"]

1. d4 Nf6 2. c4 e5 3. e3 e4 4. Nc3 Bb4 5. Qc2 O-O 6. Nge2 Re8 7. Ng3 d5 8. cxd5 Qxd5 9. a3 Bxc3+ 10. bxc3 Nc6 11. Rb1 a6 12. Be2 b6 13. f3 Bf5 14. Nxf5 Qxf5 15. O-O Qg6 16. f4 Ne7 17. c4 Rab8 18. a4 a5 19. Rb5 Nf5 20. Qb3 h6 21. c5 Nd7 22. cxb6 Rxb6 23. Qd5 Nh4 24. g3 Nf6 25. Qc5 Ng4 26. f5 Qg5 27. Rf4 Nf3+ 28. Bxf3 exf3 29. h4 f2+ 30. Rxf2 Qd8 31. Re2 Rxb5 32. Qxb5 Nf6 33. Qxa5 Qd6 34. Qe1 Ne4 35. Kh2 Qd7 36. Qf1 Qxa4 37. Qg2 Qd7 38. Qf3 Qb5 39. Rc2 Qa5 40. g4 Qb6 41. Qf4 c5 42. dxc5 Qb1 0-1

[Event "Kirchlengern - Meschede"]
[Site "?"]
[Date "2023.12.03"]
[Round "4.5"]
[White "Kampert, Andreas"]
[Black "Knollmann, Benjamin"]
[Result "0-1"]
[WhiteElo "1911"]
[BlackElo "1866"]
[PlyCount "62"]
[EventDate "2023.??.??"]
[SourceVersionDate "2023.09.25"]

1. c4 c5 2. Nc3 Nf6 3. Nf3 e6 4. d4 cxd4 5. Nxd4 Nc6 6. e3 Be7 7. Be2 O-O 8. O-O d5 9. a3 e5 10. Nxc6 bxc6 11. b4 a5 12. b5 cxb5 13. Nxd5 bxc4 14. Nxe7+ Qxe7 15. Bxc4 Bf5 16. a4 Rfc8 17. Qb3 Rab8 18. Qa2 Ne4 19. Ba3 Qf6 20. Rac1 Rd8 21. Bb5 Qg6 22. Bc6 Nd2 23. Rfd1 Be6 24. Qa1 Bb3 25. Re1 e4 26. Kh1 Qf5 27. f3 exf3 28. gxf3 Nxf3 29. Rf1 Bd5 30. Rc5 Ne1+ 31. Bxd5 Qxf1# 0-1

[Event "Kirchlengern - Meschede"]
[Site "?"]
[Date "2023.12.03"]
[Round "4.6"]
[White "Ott, Helmut"]
[Black "Hollnack, Olaf"]
[Result "1/2-1/2"]
[WhiteElo "1916"]
[BlackElo "2110"]
[PlyCount "41"]
[EventDate "2023.??.??"]
[SourceVersionDate "2023.09.25"]

1. d4 f5 2. Bf4 g6 3. Nf3 Nf6 4. h3 Bg7 5. c4 d6 6. Nc3 O-O 7. e3 h6 8. Bd3 Nc6 9. d5 e5 10. dxc6 exf4 11. exf4 Re8+ 12. Ne2 bxc6 13. O-O Ne4 14. Rb1 Bd7 15. Nd2 Qf6 16. Re1 Nc5 17. Bc2 Ne6 18. Nf3 Re7 19. b4 Rae8 20. Qd2 Kh8 21. a4 1/2-1/2

[Event "Sodingen - Werther"]
[Site "NRW-K1 2003/24"]
[Date "2023.12.03"]
[Round "4.1"]
[White "Haskenhoff, Jan"]
[Black "Werrn, Pascal"]
[Result "0-1"]
[WhiteElo "2183"]
[BlackElo "2097"]
[PlyCount "70"]
[EventDate "2023.??.??"]
[SourceVersionDate "2023.09.25"]

1. e4 c5 2. Nf3 Nc6 3. d4 cxd4 4. Nxd4 Nf6 5. Nc3 e5 6. Ndb5 d6 7. Nd5 Nxd5 8. exd5 Nb8 9. a4 Be7 10. Be3 Nd7 11. Qd2 a6 12. Na7 f5 13. f3 Bh4+ 14. g3 f4 15. Bf2 Bg5 16. Qb4 Nc5 17. Nxc8 Rxc8 18. Bh3 Rc7 19. O-O O-O 20. Bxc5 Rxc5 21. Be6+ Kh8 22. Qxb7 fxg3 23. hxg3 Be3+ 24. Kh1 Qg5 25. Qb3 Qxg3 26. Rae1 Qh4+ 27. Kg2 Qg5+ 28. Bg4 Bd2 29. Re2 e4 30. Rxe4 Rxd5 31. Rf2 h5 32. Kf1 hxg4 33. Rxg4 Qh5 34. Kg1 Bh6 35. c4 Rg5 0-1

[Event "Sodingen - Werther"]
[Site "NRW-K1 2003/24"]
[Date "2023.12.03"]
[Round "4.2"]
[White "Waldschmidt, Georg"]
[Black "Freiberger, Jonas"]
[Result "1/2-1/2"]
[WhiteElo "2126"]
[BlackElo "2211"]
[PlyCount "178"]
[EventDate "2023.??.??"]
[SourceVersionDate "2023.09.25"]

1. e4 e5 2. Nc3 Nc6 3. Nf3 Bc5 4. Nxe5 Nxe5 5. d4 Bd6 6. dxe5 Bxe5 7. Bd3 d6 8. O-O Qh4 9. f4 Bd4+ 10. Kh1 Bxc3 11. bxc3 Nf6 12. Qe1 Qxe1 13. Rxe1 O-O 14. Bd2 Re8 15. Kg1 Be6 16. a3 Rad8 17. h3 Bd7 18. Re2 Bc6 19. Rae1 Nd7 20. c4 Re7 21. Bc3 Rde8 22. Bd4 f6 23. g4 b6 24. Kf2 g5 25. f5 Rg7 26. Kg3 Ne5 27. Rh1 Kf7 28. h4 gxh4+ 29. Rxh4 Reg8 30. Bxe5 dxe5 31. c5 b5 32. a4 a6 33. axb5 axb5 34. Kf3 h5 35. gxh5 Rg1 36. Ke3 Kg7 37. h6+ Kh7 38. Kd2 R8g4 39. Reh2 b4 40. R2h3 R4g2+ 41. Ke3 Ba4 42. Rh2 Re1+ 43. Kf3 Rgg1 44. Rd2 Rb1 45. Rg4 Be8 46. Rg7+ Kxh6 47. Rdg2 Bh5+ 48. Kf2 Rgd1 49. Rg8 Rd2+ 50. Ke3 Rxg2 51. Rxg2 Bf7 52. Kd2 Ra1 53. Rg3 Ra5 54. Rg1 Rxc5 55. Rb1 Kg5 56. Rxb4 Kf4 57. Rb1 Kf3 58. Rh1 Rc6 59. Rh3+ Kf4 60. Rh4+ Kg5 61. Rh7 Bh5 62. Ke3 Rc3 63. Rg7+ Kh6 64. Re7 c6 65. Kd2 Rc5 66. Ra7 Bf3 67. Ke3 Bd1 68. Kd2 Bf3 69. Ke3 Bd1 70. Ra1 Bxc2 71. Rc1 Bxd3 72. Rxc5 Bb5 73. Rc1 Kg7 74. Ra1 Kf7 75. Ra7+ Kf8 76. Rc7 Ke8 77. Kd2 Kf8 78. Kc3 Kg8 79. Rd7 Ba4 80. Rd2 Bb5 81. Kb4 Kf7 82. Kc5 Ke7 83. Ra2 Bd3 84. Ra7+ Ke8 85. Ra4 Kd7 86. Ra7+ Ke8 87. Ra4 Kd7 88. Rb4 Kc7 89. Ra4 Kd7 1/2-1/2

[Event "Sodingen - Werther"]
[Site "NRW-K1 2003/24"]
[Date "2023.12.03"]
[Round "4.3"]
[White "Suchland, Marko"]
[Black "Boehnke, Martin"]
[Result "1/2-1/2"]
[WhiteElo "2168"]
[BlackElo "2135"]
[PlyCount "31"]
[EventDate "2023.??.??"]
[SourceVersionDate "2023.09.25"]

1. d4 d5 2. Nf3 Nf6 3. e3 c5 4. c3 Nc6 5. Nbd2 cxd4 6. exd4 Bf5 7. Be2 h6 8. Qa4 a6 9. Ne5 Rc8 10. Ndf3 Qb6 11. O-O e6 12. Re1 Be7 13. Nxc6 Qxc6 14. Qxc6+ Rxc6 15. Ne5 Rc8 16. a4 1/2-1/2

[Event "Sodingen - Werther"]
[Site "NRW-K1 2003/24"]
[Date "2023.12.03"]
[Round "4.4"]
[White "Becker, Jörg"]
[Black "Goecke, Karl Ulrich"]
[Result "1/2-1/2"]
[WhiteElo "2184"]
[BlackElo "2147"]
[PlyCount "131"]
[EventDate "2023.??.??"]
[SourceVersionDate "2023.09.25"]

1. d4 d5 2. Nf3 Nf6 3. Bf4 e6 4. e3 Bd6 5. c3 O-O 6. Nbd2 c5 7. Bd3 Qc7 8. Bxd6 Qxd6 9. Ne5 b6 10. O-O Ba6 11. Bxa6 Nxa6 12. f4 Nb8 13. Qf3 Nc6 14. g4 Nd7 15. Rad1 f6 16. Nxc6 Qxc6 17. c4 Rac8 18. f5 cxd4 19. exd4 dxc4 20. fxe6 Qxe6 21. Rfe1 Qd6 22. Ne4 Qd5 23. Qf4 Rcd8 24. Nc3 Qf7 25. Rd2 Rfe8 26. Rde2 Rxe2 27. Rxe2 Nf8 28. d5 Ng6 29. Qxc4 Qd7 30. Qe4 Kf7 31. a4 Re8 32. Qxe8+ Qxe8 33. Rxe8 Kxe8 34. Nb5 Kd7 35. Nxa7 Nf4 36. Nb5 Nxd5 37. Kf2 Kc6 38. Kf3 Kc5 39. Ke4 g6 40. Nd4 Ne7 41. Kd3 Kb4 42. b3 f5 43. h3 Nd5 44. gxf5 gxf5 45. h4 Nf6 46. a5 bxa5 47. Nc6+ Kxb3 48. Nxa5+ Kb4 49. Nc6+ Kc5 50. Nd4 Kd5 51. Nxf5 Ke5 52. Ng7 Kf4 53. Kd4 Nd7 54. Ne6+ Kf5 55. Ng5 h6 56. Ke3 Kg4 57. Nf3 Kg3 58. Ke4 h5 59. Ke3 Nf6 60. Ng1 Nd5+ 61. Ke4 Nc3+ 62. Kd3 Nb5 63. Ke3 Kxh4 64. Kf4 Nc3 65. Nf3+ Kh3 66. Kg5 1/2-1/2

[Event "Sodingen - Werther"]
[Site "NRW-K1 2003/24"]
[Date "2023.12.03"]
[Round "4.5"]
[White "Mueller, Frank"]
[Black "Hufendiek, Ekkehard"]
[Result "1-0"]
[WhiteElo "1998"]
[BlackElo "1837"]
[PlyCount "55"]
[EventDate "2023.??.??"]
[SourceVersionDate "2023.09.25"]

1. e4 c5 2. Nf3 e6 3. d4 cxd4 4. c3 Nf6 5. e5 Nd5 6. c4 Nb6 7. Bf4 Nc6 8. Nxd4 Bb4+ 9. Nc3 Nxd4 10. Qxd4 Na4 11. Be2 Qa5 12. Rc1 O-O 13. O-O Nxc3 14. bxc3 Be7 15. Rfd1 b6 16. Qe4 Rb8 17. Bd3 g6 18. Qe3 Bb7 19. Bb1 Rfd8 20. Rd4 Bc6 21. Bg5 Qc5 22. h4 Bxg5 23. Qxg5 Rf8 24. Qf6 Rbe8 25. Rd6 h5 26. Re1 Qxc4 27. Re3 Qb5 28. Bxg6 1-0

[Event "Sodingen - Werther"]
[Site "NRW-K1 2003/24"]
[Date "2023.12.03"]
[Round "4.6"]
[White "Berndt, Joachim"]
[Black "Prochnow, Malte"]
[Result "1/2-1/2"]
[WhiteElo "2061"]
[BlackElo "1896"]
[PlyCount "88"]
[EventDate "2023.??.??"]
[SourceVersionDate "2023.09.25"]

1. c4 e6 2. Nf3 Nf6 3. g3 d5 4. Bg2 Be7 5. O-O O-O 6. b3 c5 7. Bb2 Nc6 8. e3 Re8 9. Na3 d4 10. exd4 cxd4 11. Re1 Bd6 12. Nb5 e5 13. Nxd6 Qxd6 14. d3 Bf5 15. Nh4 Bg4 16. Qc1 Qd7 17. Qd2 a5 18. a3 Bh3 19. Bh1 Nh5 20. Bf3 Bg4 21. Qg5 Bxf3 22. Nxf3 Qh3 23. Bc1 f6 24. Qh4 Qf5 25. Qe4 Qxe4 26. dxe4 g6 27. Bd2 Ng7 28. b4 Ne6 29. c5 Rec8 30. Rec1 axb4 31. axb4 Ncd8 32. Ne1 Kf8 33. Nd3 Ke8 34. f4 Nf7 35. h4 Nc7 36. Rxa8 Rxa8 37. c6 b6 38. fxe5 Nxe5 39. Nxe5 fxe5 40. Bg5 Ra3 41. Kf2 Rc3 42. Rxc3 dxc3 43. Ke2 Ne6 44. Kd3 Nxg5 {(=)} 1/2-1/2

[Event "Sodingen - Werther"]
[Site "NRW-K1 2003/24"]
[Date "2023.12.03"]
[Round "4.7"]
[White "Ortpaul, Mario"]
[Black "Hille, Ingo"]
[Result "1/2-1/2"]
[WhiteElo "1933"]
[BlackElo "2079"]
[PlyCount "31"]
[EventDate "2023.??.??"]
[SourceVersionDate "2023.09.25"]

1. Nf3 d6 2. c4 e5 3. Nc3 Nf6 4. g3 Be7 5. Bg2 O-O 6. d4 Nbd7 7. O-O c6 8. b3 Re8 9. dxe5 dxe5 10. Bb2 Qc7 11. Qc2 Bf8 12. Ng5 h6 13. Nge4 Nxe4 14. Bxe4 Nf6 15. Bf5 Be6 16. Bxe6 {(=)} 1/2-1/2